000 00629nam a2200217 i 4500
001 bg
100 1 _aMAZUR, Eugeniusz
245 1 0 _aPodstawy automatyki :
_bskrypt /
_cEugeniusz Mazur, Jarosław Kozłowski ; Politechnika Częstochowska.
260 _aCzęstochowa :
_bWydaw. PC,
_c1995.
300 _a108 s. :
_brys., wykr. ;
_c24 cm.
504 _aBibliogr. s. 108.
650 9 _aAutomatyka
650 9 _aMatematyka
655 _aPodręczniki akademickie
700 1 _aKOZŁOWSKI, Jarosław
040 _cBPK
041 0 _apol
080 _a62-52:51](075.8)
942 _cKS
008 s pl f |000 0 pol
999 _c7007
_d7007
856 _uhttp://koha.tu.koszalin.pl/cgi-bin/koha/opac-detail.pl?biblionumber=7007
_yKatalog online BPK